000 00359nam a2200145Ia 4500
008 231129s1993||||xx |||||||||||||| ||spa||
020 _a84-01-32496-3
040 _bspa
082 _aI823 K84i
100 _aKorda Michael
245 0 _aLos inmortales
260 _c1993
264 _aPlaza & Janes
942 _2ddc
_cBKS
999 _c19766
_d19766